| 000 | 00644nam a22002177a 4500 | ||
|---|---|---|---|
| 003 | UA-OsUOA | ||
| 001 | 36526 | ||
| 007 | ta | ||
| 008 | 20061002b un ||||| |||| 00| 0 ukr d | ||
| 090 |
_a017.4 _bП36 |
||
| 942 | _cBR | ||
| 040 |
_aUA-OsUOA _bukr _cUA-OsUOA _dUA-OsUOA |
||
| 245 |
_aПідручники, посібники, методична література. _bКаталог видань. |
||
| 300 | _a15 с. | ||
| 955 | _a1 | ||
| 041 | _aukr | ||
| 080 | _a017.4 | ||
| 260 |
_aЗапоріжжя _bПросвіта _c2000 |
||
| 650 | 7 |
_a01 Бібліографія і бібліографії. Каталоги _2UDC |
|
| 999 |
_c435053 _d435053 |
||